| 000 | 00548nam a22001457a 4500 | ||
|---|---|---|---|
| 082 | _a620.005 | ||
| 100 | _aSarfaraz, Muhammad | ||
| 245 |
_aEvaluation of Scheduled inspections (Periodic) of fixed-wing aircraft using data analysis and unified modeling techniques / _cMuhammad Sarfaraz. |
||
| 260 |
_aIslamabad: _bCEME & NUST, _c2014. |
||
| 300 |
_a86p.: ill.; _c30cm. |
||
| 650 |
_aEngineering Management - MS Theses. _934601 |
||
| 700 |
_aSup: Dr. Nawar Khan. _934603 |
||
| 942 |
_2ddc _cTHE |
||
| 999 |
_c540729 _d540729 |
||